The Cambridge movement : the ecclesiologists and the Gothic revival.

Bibliographic Details
Main Author: White, James F.
Format: Book
Language:English
Published: Cambridge [England] : University Press, 1962.
Subjects:

MARC

Tag First Indicator Second Indicator Subfields
LEADER 00000cam a2200000 4500
001 in00000038053
005 20151007080809.0
008 750411s1962 eng u
010 |a  62052258  
035 |a (OCoLC)01269113 
035 |9 AAF5395AM 
040 |c CSU  |d TXA  |d UtOrBLW 
049 |a TXAM  |c [467137] 
050 0 |a BX5013.E3  |b W5 
082 0 |a 283 
092 |a 283  |b W585c 
100 1 |a White, James F. 
245 1 4 |a The Cambridge movement :  |b the ecclesiologists and the Gothic revival. 
264 1 |a Cambridge [England] :  |b University Press,  |c 1962. 
300 |a xii, 272 pages :  |b 8 plates. ;  |c 23 cm. 
336 |a text  |b txt  |2 rdacontent 
337 |a unmediated  |b n  |2 rdamedia 
338 |a volume  |b nc  |2 rdacarrier 
504 |a Bibliography: pages 237-253. 
610 2 0 |a Ecclesiological Society. 
650 0 |a Anglican church buildings. 
650 0 |a Church architecture  |z Great Britain. 
999 |a MARS 
999 f f |s c8e31f76-fcd2-3fca-a401-260974caae18  |i 98d6e60f-d281-3551-bd2e-15551c9a545f  |t 0 
952 f f |p ric  |a Texas A&M University  |b Rellis Campus  |c Joint Library Facility  |d Remote Storage  |t 0  |e BX5013.E3 W5  |h Library of Congress classification  |i unmediated -- volume  |m A14800623651 
998 f f |a BX5013.E3 W5  |t 0  |l Remote Storage